LEADER 00873nam0-22003011i-450- 001 990002554000403321 035 $a000255400 035 $aFED01000255400 035 $a(Aleph)000255400FED01 035 $a000255400 100 $a20000920d1962----km-y0itay50------ba 101 0 $aENG 200 1 $a<>Introduction to the Theory of Stationary Random Functions$fA.M. Yaglom. 210 $aEnglewood Cliffs$cPrentice Hall$d1962 . 215 $axiii, 235 p.$d23 cm 610 0 $aStatistica 610 0 $aInferenza 610 0 $aRegressione e correlazione 676 $a519 700 1$aIaglom,$bA. M.$0145964 801 0$aIT$bUNINA$gRICA$2UNIMARC 901 $aBK 912 $a990002554000403321 952 $aMXXIV-A-26$b37075$fMAS 959 $aMAS 996 $aIntroduction to the Theory of Stationary Random Functions$9437228 997 $aUNINA DB $aING01 LEADER 01344nam 2200433 450 001 9910466882703321 005 20200520144314.0 010 $a1-78332-312-4 035 $a(CKB)3790000000558167 035 $a(MiAaPQ)EBC5164855 035 $a(Au-PeEL)EBL5164855 035 $a(CaPaEBR)ebr11654047 035 $a(OCoLC)1017976544 035 $a(EXLCZ)993790000000558167 100 $a20190227d2016 uy 0 101 0 $aeng 135 $aurcnu|||||||| 181 $ctxt$2rdacontent 182 $cc$2rdamedia 183 $acr$2rdacarrier 200 10$aCalculus and differential equations with mathematica /$fPramote Dechaumphai 210 1$aOxford, U.K. :$cAlpha Science International Ltd.,$d[2016] 210 4$dİ2016 215 $a1 online resource (xii, 428 pages) $cillustrations 311 $a1-78332-264-0 606 $aDifferential equations$xData processing 606 $aCalculus$xData processing 608 $aElectronic books. 615 0$aDifferential equations$xData processing. 615 0$aCalculus$xData processing. 676 $a510.285536 700 $aDechaumphai$b Pramote$0855241 801 0$bMiAaPQ 801 1$bMiAaPQ 801 2$bMiAaPQ 906 $aBOOK 912 $a9910466882703321 996 $aCalculus and differential equations with mathematica$91909401 997 $aUNINA LEADER 01782nam 2200445 a 450 001 9911004846103321 005 20200520144314.0 010 $a1-61583-743-4 035 $a(CKB)2550000000030191 035 $a(EBL)728559 035 $a(OCoLC)435971854 035 $a(MiAaPQ)EBC728559 035 $a(EXLCZ)992550000000030191 100 $a20000713d2000 uy 0 101 0 $aeng 135 $aur|n|---||||| 181 $ctxt$2rdacontent 182 $cc$2rdamedia 183 $acr$2rdacarrier 200 10$aOptical design for visual systems /$fBruce H. Walker 210 $aBellingham, Wash. $cSPIE Press$dc2000 215 $a1 online resource (169 p.) 225 1 $aTutorial texts in optical engineering ;$vv. TT 45 300 $aDescription based upon print version of record. 311 $a0-8194-3886-3 320 $aIncludes bibliographical references (p. 155) and index. 327 $aContents; Chapter 1; Chapter 2; Chapter 3; Chapter 4; Chapter 5; Chapter 6; Chapter 7; Chapter 8; Chapter 9; Chapter 10; Chapter 11; Index 330 $aThis tutorial explains the human eye, its function, and performance limits from the perspective of an experienced optical engineer and lens designer. It is concise and readable, with examples and data, and is intended for students, practicing engineers, and technology users. 410 0$aTutorial texts in optical engineering ;$vv. TT 45. 606 $aOptical instruments$xDesign and construction 615 0$aOptical instruments$xDesign and construction. 676 $a681/.4 700 $aWalker$b Bruce H$0148185 801 0$bMiAaPQ 801 1$bMiAaPQ 801 2$bMiAaPQ 906 $aBOOK 912 $a9911004846103321 996 $aOptical design for visual systems$94387765 997 $aUNINA